000 00996nam a2200277Ia 4500
005 20220317000248.0
008 141031s2008 s a0 sga d s 0j
020 _a9788496388710
100 1 _aBallesteros, Xosé
_d1956 -
245 1 0 _aImagina animales
_cXosé Ballesteros ; ilustraciones de Juan Vidaurre
250 _aSegunda edición
300 _a[25] páginas sin enumerar
_bilustraciones y fotografías a color
_c21 cm
650 1 4 _2LEMB
_aCuentos infantiles españoles
_ySiglo XX
650 1 4 _2LEMB
_aLiteratura infantil española
_ySiglo XX
650 1 4 _2LEMB
_aAnimales en la literatura
650 1 4 _2LEMB
_aImaginación en la literatura
650 1 4 _2LEMB
_aLibros ilustrados para niños
700 1 _aVidaurre, Juan
_eilustrador
_999315
942 _2loc
_cBKINF
264 _aSevilla
_bKalandraka
_c2008
336 _atexto
_btxt
_2rdacontent
337 _asin mediación
_bn
_2rdamedia
338 _avolumen
_bnc
_2rdacarrier
040 _aCO-BoRNBP
_bspa
_erda
_cCO-BoRNBP
084 _aC BAL4
999 _c3553
_d3553